000 00689nam a22001937a 4500
005 20231226120628.0
010 _aENG-138768
020 _a9789388457552
_c595.00
035 _aEN-122300
037 _bDBAD/PUB
082 _a616.3
100 _aChakravortty S.K.
_960214
245 _aObesity Management/
_cBY S.K. Chakravortty
260 _c2020,2021,2022
_bFriends Publications(India)
270 _a101,4787/23,Ansari Road, Daryaganj,
_bNEW DELHI
_e110002
_k9811197091
_k011-23246222
_k9312220441
_mfriendspublicationsindia@gmail.com
300 _c23cm(hbk)
_a162p.
500 _aIncludes bibliographical references and index
942 _cEN
_2ddc
_mCHA
_h616.3
_eFIRST
999 _c199803
_d199803